[Event "XVII Turniej o Puchar Bieszczadow"]
[Site "Ustrzyki Dolne"]
[Date "1995.08.03"]
[Round "?"]
[White "Kropiszynski"]
[Black "Hryczuk, Andrzej"]
[Result "0-1"]
[WhiteElo "1800"]
[BlackElo "1800"]
[PlyCount "54"]

1. e4 e5 2. Nf3 Nc6 3. Bb5 a6 4. Ba4 Nf6 5. O-O Be7 6. Re1 b5 7. Bb3 O-O 8. c3
d5 9. exd5 Nxd5 10. Nxe5 Nxe5 11. Rxe5 c6 12. Bxd5 cxd5 13. d4 Bd6 14. Re1 Qh4
15. h3 g5 16. Qf3 Be6 17. Qf6 h6 18. Be3 Rae8 19. Nd2 Be7 20. Qf3 f5 21. Nf1
Bd6 22. Rad1 f4 23. Bd2 h5 24. Nh2 g4 25. hxg4 hxg4 26. Qd3 Bf5 27. Qf1 27...
Kg7 {time} 0-1

[Event "XVII Turniej o Puchar Bieszczadow"]
[Site "Ustrzyki Dolne"]
[Date "1995.08.04"]
[Round "?"]
[White "Hryczuk, Andrzej"]
[Black "Krynicki"]
[Result "1-0"]
[WhiteElo "1800"]
[BlackElo "2000"]
[PlyCount "107"]

1. e4 c5 2. Nc3 d6 3. g3 g6 4. Bg2 Bg7 5. d3 e6 6. f4 Ne7 7. Nf3 Nbc6 8. O-O
O-O 9. Be3 Rb8 10. h3 b5 11. Rb1 Qa5 12. Bd2 Qc7 13. g4 Bd7 14. Ne2 f5 15. Ng3
Rbe8 16. g5 fxe4 17. dxe4 d5 18. e5 b4 19. h4 a5 20. h5 c4 21. Be3 Rf7 22. c3
Rd8 23. Qc2 Be8 24. Bh3 Nf5 25. Nxf5 gxf5 26. Qf2 Qb7 27. Qh4 Bf8 28. Kf2 Rg7
29. Rg1 Kh8 30. h6 Rg6 31. Bg2 Rb8 32. Qh1 Qb5 33. Rgc1 Qa4 34. Qd1 Qxa2 35.
Ra1 Qb3 36. Qxb3 cxb3 37. Nd4 Nxd4 38. Bxd4 a4 39. cxb4 Bxb4 40. Ke3 Rg8 41.
Bf3 Bd7 42. Bc5 Rgc8 43. Bxb4 Rxb4 44. Rxc8+ Bxc8 45. Rc1 Rb8 46. Be2 Kg8 47.
Kd4 Bd7 48. Bh5 Kf8 49. g6 hxg6 50. Bxg6 Rc8 51. Rg1 Rc4+ 52. Ke3 a3 53. h7 Kg7
54. Bxf5+ 1-0

[Event "XVII Turniej o Puchar Bieszczadow"]
[Site "Ustrzyki Dolne"]
[Date "1995.08.??"]
[Round "?"]
[White "D bek, Marek"]
[Black "Hryczuk, Andrzej"]
[Result "1/2-1/2"]
[WhiteElo "2090"]
[BlackElo "1800"]
[PlyCount "111"]

1. e4 e5 2. Nf3 Nc6 3. Bc4 Bc5 4. c3 Nf6 5. d3 O-O 6. O-O d6 7. b4 Bb6 8. Bg5
h6 9. Bh4 Bg4 10. Nbd2 g5 11. Bg3 Nh5 12. Qc2 Nxg3 13. hxg3 Qd7 14. a4 a5 15.
b5 Ne7 16. Nh2 Be6 17. Qd1 Kh7 18. Qh5 f5 19. Bxe6 Qxe6 20. exf5 Nxf5 21. Ne4
Qg6 22. Qxg6+ Kxg6 23. g4 Ne7 24. g3 d5 25. Nd2 c6 26. c4 Bd4 27. Rac1 cxb5 28.
cxb5 Rac8 29. Nhf3 Bc3 30. Kg2 Bxd2 31. Nxd2 Kf6 32. Nb3 b6 33. Kf3 Ke6+ 34.
Ke3 d4+ 35. Ke2 Nd5 36. Rh1 Rxc1 37. Rxh6+ Rf6 38. Rxf6+ Kxf6 39. Nxc1 Nc3+ 40.
Ke1 Nxa4 41. Nb3 Ke6 42. Nd2 Nc3 43. Nc4 Nxb5 44. Nxb6 Nc3 45. Nc4 a4 46. Kd2
Kd5 47. Na3 e4 48. Nc2 Nb1+ 49. Ke2 Nc3+ 50. Kd2 Ke5 51. Na3 Kd5 52. Nc2 Nb1+
53. Ke2 Nc3+ 54. Kd2 Nb1+ 55. Ke2 Nc3+ 56. Kd2 1/2-1/2

[Event "XVII Turniej o Puchar Bieszczadow"]
[Site "Ustrzyki Dolne"]
[Date "1995.08.06"]
[Round "?"]
[White "Bremda, Jan"]
[Black "Hryczuk, Andrzej"]
[Result "1-0"]
[WhiteElo "2000"]
[BlackElo "1800"]
[PlyCount "95"]

1. e4 e6 2. d4 d5 3. Nd2 dxe4 4. Nxe4 Nc6 5. Nf3 Nf6 6. Bd3 Be7 7. c3 b6 8. O-O
Bb7 9. Qe2 Qd7 10. h3 O-O-O 11. b4 Rdg8 12. a4 Nxe4 13. Bxe4 f5 14. Ne5 Nxe5
15. Bxb7+ Kxb7 16. dxe5 g5 17. a5 h5 18. Rd1 Qc6 19. axb6 axb6 20. Qa6+ Kb8 21.
Qa7+ Kc8 22. b5 Qb7 23. Qa2 Bc5 24. Qxe6+ Kb8 25. Qd5 Qxd5 26. Rxd5 g4 27. Kf1
gxh3 28. gxh3 Rd8 29. Rd2 Rhe8 30. f4 Rg8 31. Rxd8+ Rxd8 32. Ke2 Rg8 33. Be3
Bxe3 34. Kxe3 Rg3+ 35. Kd4 Kc8 36. Ra8+ Kd7 37. Rf8 Ke6 38. Rf6+ Ke7 39. Rxf5
Rxh3 40. Rg5 Rh4 41. Ke4 Rh3 42. c4 Rc3 43. Rg7+ Kd8 44. Kd5 h4 45. Rh7 h3 46.
f5 Rf3 47. f6 Ke8 48. Ke6 1-0

[Event "II Miedzynarodowy Turniej w Suwa kach"]
[Site "?"]
[Date "1996.05.04"]
[Round "?"]
[White "Hryczuk, Andrzej"]
[Black "Moskwinski, Tadeusz"]
[Result "1-0"]
[WhiteElo "1800"]
[BlackElo "1600"]
[PlyCount "107"]

1. e4 e5 2. Nf3 Nc6 3. Bc4 Bc5 4. c3 Nf6 5. d4 exd4 6. cxd4 Bb4+ 7. Nc3 Bxc3+
8. bxc3 d5 9. exd5 Nxd5 10. O-O O-O 11. Qc2 Nce7 12. Ba3 Re8 13. Qb3 c6 14.
Rfe1 b5 15. Bxe7 Rxe7 16. Bxd5 Rxe1+ 17. Rxe1 cxd5 18. Qxd5 Be6 19. Qxd8+ Rxd8
20. a3 Rc8 21. Rc1 a5 22. Nd2 Bd5 23. f3 Kf8 24. Kf2 Ke7 25. Ke3 Kd6 26. Ne4+
Bxe4 27. fxe4 f6 28. Kd3 Rb8 29. Rb1 a4 30. Kd2 Kc7 31. c4 Rd8 32. Kc3 Re8 33.
Rxb5 Rxe4 34. Kd3 Re1 35. Ra5 Rd1+ 36. Ke4 Rg1 37. Ra7+ Kb6 38. Rxg7 Kc6 39.
Rf7 Re1+ 40. Kd3 Rd1+ 41. Ke3 Ra1 42. Rxf6+ Kd7 43. Ke4 Rxa3 44. Kd5 Re3 45. c5
Rd3 46. c6+ Kc8 47. Kc5 Rd1 48. d5 Rc1+ 49. Kb4 Rd1 50. d6 Kb8 51. Rf8+ Ka7 52.
d7 Rb1+ 53. Kxa4 Ra1+ 54. Kb3 1-0

[Event "II Miedzynarodowy Turniej w Suwa kach"]
[Site "?"]
[Date "1996.05.04"]
[Round "?"]
[White "Walczak, Pawe "]
[Black "Hryczuk, Andrzej"]
[Result "1/2-1/2"]
[WhiteElo "1800"]
[BlackElo "1800"]
[PlyCount "30"]

1. d4 Nf6 2. c4 g6 3. Nc3 Bg7 4. e4 d6 5. h3 O-O 6. Bg5 h6 7. Be3 e5 8. Nf3 Nc6
9. d5 Ne7 10. Bd3 Nd7 11. Qd2 Kh7 12. g4 b6 13. O-O-O Nc5 14. Bc2 Bd7 15. Rdg1
Qc8 1/2-1/2

[Event "II Miedzynarodowy Turniej w Suwa kach"]
[Site "?"]
[Date "1996.05.03"]
[Round "?"]
[White "Hryczuk, Andrzej"]
[Black "Grycel, Kamil"]
[Result "1/2-1/2"]
[WhiteElo "1800"]
[BlackElo "2000"]
[PlyCount "68"]

1. e4 Nf6 2. e5 Nd5 3. d4 d6 4. c4 Nb6 5. exd6 cxd6 6. Nc3 g6 7. b3 Bg7 8. Bb2
O-O 9. Nf3 Nc6 10. Be2 e5 11. dxe5 dxe5 12. O-O h6 13. Qxd8 Rxd8 14. Rad1 Be6
15. Ne4 a5 16. a3 a4 17. c5 Nd5 18. b4 f5 19. Nd6 Nf4 20. Bb5 Bb3 21. Rb1 Ba2
22. Ra1 Bd5 23. Rad1 Ne7 24. Rfe1 e4 25. Bxg7 Kxg7 26. Nd4 Kf6 27. g3 Nh3+ 28.
Kf1 Ng5 29. h4 Nf7 30. Nxf7 Kxf7 31. Ne2 Bb3 32. Rxd8 Rxd8 33. Nc3 Kf6 34. Nxa4
Bxa4 1/2-1/2

[Event "II Miedzynarodowy Turniej w Suwa kach"]
[Site "?"]
[Date "1996.05.03"]
[Round "?"]
[White "Hryczuk, Andrzej"]
[Black "Ciepielski, Micha "]
[Result "1-0"]
[WhiteElo "1800"]
[BlackElo "1600"]
[PlyCount "41"]

1. e4 e5 2. Nf3 d6 3. d4 Bg4 4. dxe5 Bxf3 5. gxf3 dxe5 6. Qxd8+ Kxd8 7. Nc3 Nc6
8. Be3 Bb4 9. O-O-O+ Kc8 10. Bh3+ Kb8 11. Nd5 Nge7 12. Nxb4 Nxb4 13. Rd7 Nbc6
14. Bc5 Re8 15. Rhd1 b6 16. Bxe7 Nxe7 17. Kd2 Kb7 18. Kc3 Kc6 19. R7d2 Kb5 20.
Bd7+ Kc5 21. b4# 1-0

[Event "II Miedzynarodowy Turniej w Suwa kach"]
[Site "?"]
[Date "1996.05.02"]
[Round "?"]
[White "Kewski, Qukasz"]
[Black "Hryczuk, Andrzej"]
[Result "0-1"]
[WhiteElo "1400"]
[BlackElo "1800"]
[PlyCount "106"]

1. d4 Nf6 2. c4 g6 3. g3 Bg7 4. Bg2 O-O 5. Nf3 c6 6. O-O d5 7. cxd5 cxd5 8. Nc3
Nc6 9. Bg5 h6 10. Bxf6 Bxf6 11. e3 e6 12. Qd2 Kh7 13. Rfd1 Bg7 14. e4 dxe4 15.
Nxe4 Qe7 16. Qe3 Rd8 17. Rab1 b6 18. Nc3 Bb7 19. Ne5 Nxe5 20. Bxb7 Qxb7 21.
dxe5 Qc7 22. Nb5 Qxe5 23. Qxe5 Bxe5 24. a3 a6 25. Re1 Bf6 26. Nc3 Rac8 27. Ne4
Bd4 28. Red1 f5 29. Nc3 Kg7 30. Ne2 Be5 31. Nf4 Kf6 32. Nd3 Bd4 33. Rbc1 e5 34.
Kf1 Ke6 35. Rxc8 Rxc8 36. f4 e4 37. Nb4 Bxb2 38. Nxa6 Bxa3 39. Re1 Rc2 40. Re2
Rxe2 41. Kxe2 Kd6 42. Ke3 Bc5+ 43. Nxc5 bxc5 44. Kd2 Kd5 45. Kd1 Kd4 46. h4 c4
47. Kd2 e3+ 48. Kd1 Kd3 49. g4 e2+ 50. Ke1 c3 51. Kf2 Kd2 52. gxf5 e1=Q+ 53.
Kf3 Qe3+ 0-1

[Event "II Miedzynarodowy Turniej w Suwa kach"]
[Site "?"]
[Date "1996.05.02"]
[Round "?"]
[White "Hryczuk, Andrzej"]
[Black "Bartyzel"]
[Result "1/2-1/2"]
[WhiteElo "1800"]
[BlackElo "1400"]
[PlyCount "32"]

1. e4 c5 2. Nc3 Nc6 3. g3 g6 4. Bg2 Bg7 5. d3 d6 6. f4 f5 7. Nf3 Nf6 8. O-O O-O
9. Re1 fxe4 10. dxe4 Bg4 11. h3 Bd7 12. Nd5 Nxd5 13. Qxd5+ Kh8 14. c3 Qb6 15.
e5 c4+ 16. Be3 Qxb2 1/2-1/2

[Event "II Miedzynarodowy Turniej w Suwa kach"]
[Site "?"]
[Date "1996.05.01"]
[Round "?"]
[White "Barzo "]
[Black "Hryczuk, Andrzej"]
[Result "0-1"]
[WhiteElo "1400"]
[BlackElo "1800"]
[PlyCount "52"]

1. e4 e6 2. d4 d5 3. e5 c5 4. Nf3 Nc6 5. Bb5 Nge7 6. Bg5 Qb6 7. Bxc6+ Nxc6 8.
b3 cxd4 9. O-O Bd7 10. c3 dxc3 11. Nxc3 Bb4 12. Na4 Qc7 13. Rc1 Rc8 14. Nd4
Qxe5 15. Nxc6 Bxc6 16. Bd2 Bd6 17. g3 O-O 18. Bf4 Qe4 19. Bxd6 Rfd8 20. Bf4 f6
21. Nc5 Qf5 22. Qe2 e5 23. Bd2 b6 24. Na6 d4 25. Nb4 Bf3 26. Qe1 Qh3 0-1

[Event "II Miedzynarodowy Turniej w Suwa kach"]
[Site "?"]
[Date "1996.05.01"]
[Round "?"]
[White "Hryczuk, Andrzej"]
[Black "Kryjak, Piotr"]
[Result "1-0"]
[WhiteElo "1800"]
[BlackElo "1400"]
[PlyCount "41"]

1. e4 e5 2. Nf3 Nc6 3. Bc4 Nf6 4. d4 Nxe4 5. dxe5 Bc5 6. Qd5 Bxf2+ 7. Kf1 O-O
8. Qxe4 Bb6 9. Ng5 g6 10. Nf3 Ne7 11. Bg5 d5 12. exd6 Qxd6 13. Qxe7 Qd1+ 14.
Qe1 Qxc2 15. Nbd2 Qxb2 16. Rb1 Qa3 17. Bh6 Rd8 18. Qe5 Qxf3+ 19. Nxf3 Bd4 20.
Nxd4 Rxd4 21. Qg7# 1-0

[Event "II Miedzynarodowy Turniej w Suwa kach"]
[Site "?"]
[Date "1996.05.??"]
[Round "?"]
[White "Siembida, Andrzej"]
[Black "Hryczuk, Andrzej"]
[Result "0-1"]
[WhiteElo "1600"]
[BlackElo "1800"]
[PlyCount "88"]

1. e4 e6 2. d4 d5 3. Nc3 dxe4 4. Nxe4 Nf6 5. Bg5 Be7 6. Bxf6 gxf6 7. Bc4 b6 8.
Nf3 Bb7 9. O-O Bxe4 10. Qe2 Bb7 11. Rfe1 Qd6 12. Rad1 Nd7 13. d5 e5 14. Rd2
O-O-O 15. Red1 Rhg8 16. g3 f5 17. Bb5 f6 18. a3 Bf8 19. Nh4 Bh6 20. Nxf5 Qf8
21. Nxh6 Qxh6 22. Qe4 Qh3 23. Qg2 Qxg2+ 24. Kxg2 a6 25. Ba4 b5 26. Bb3 Nc5 27.
Ba2 Rg7 28. Kg1 Rgd7 29. b4 Na4 30. d6 Rxd6 31. Be6+ Kb8 32. Rxd6 Rxd6 33. Rxd6
cxd6 34. Kf1 Kc7 35. Ke1 Nc3 36. Bb3 Bc6 37. Kd2 Nb1+ 38. Kc1 Nxa3 39. Kb2 Nc4+
40. Bxc4 bxc4 41. c3 d5 42. Kc2 d4 43. cxd4 exd4 44. f4 Be4+ 0-1

[Event "Jesien '96"]
[Site "?"]
[Date "1996.11.23"]
[Round "?"]
[White "Hryczuk, Andrzej"]
[Black "Gutsu, Sergei"]
[Result "1/2-1/2"]
[WhiteElo "1800"]
[BlackElo "2000"]
[PlyCount "130"]

1. e4 d6 2. d4 Nf6 3. Nc3 c6 4. Nf3 Bg4 5. Be2 e6 6. Be3 d5 7. exd5 cxd5 8. Nd2
Bxe2 9. Nxe2 Nc6 10. c3 Be7 11. O-O O-O 12. Nc1 b5 13. b4 a5 14. bxa5 Qxa5 15.
Ncb3 Qc7 16. Qe2 Qb6 17. Rfb1 Rfb8 18. Nf3 Ne4 19. Qc2 Qc7 20. Nfd2 Nb4 21. Qb2
Nd3 22. Qc2 Qxc3 23. Qxc3 Nxc3 24. Rf1 Nxa2 25. Nf3 Nc3 26. Ne5 Nxe5 27. dxe5
h6 28. Nd4 Bf8 29. Bd2 Ne4 30. Be3 Rxa1 31. Rxa1 Bc5 32. Nc6 Rb7 33. Bxc5 Nxc5
34. Nb4 Na4 35. Rc1 Nb6 36. f4 Nc4 37. Ra1 Kf8 38. Kf2 Ke7 39. Ke2 f6 40. exf6+
gxf6 41. Kd3 Kd6 42. Ra6+ Nb6 43. Ra5 Nc4 44. Ra6+ Rb6 45. Ra8 e5 46. Rd8+ Ke6
47. Nxd5 Rd6 48. Rxd6+ Nxd6 49. Nc7+ Kf5 50. fxe5 fxe5 51. Nd5 Nc4 52. Ne7+ Ke6
53. Nc6 Nd6 54. Nb4 Kf5 55. Nd5 e4+ 56. Kd4 Nc4 57. Nc3 e3 58. Ne2 h5 59. Kc5
Na3 60. Kd4 Nc4 61. Kc5 Na3 62. Kd4 b4 63. Kxe3 Nc2+ 64. Kd2 b3 65. Kc3 Ne3
1/2-1/2

[Event "Jesien '96"]
[Site "?"]
[Date "1996.11.22"]
[Round "?"]
[White "Hryczuk, Andrzej"]
[Black "Matlega, Bartek"]
[Result "0-1"]
[WhiteElo "1800"]
[BlackElo "2000"]
[PlyCount "104"]

1. e4 c5 2. Nc3 Nc6 3. g3 g6 4. Bg2 Bg7 5. d3 d6 6. f4 e6 7. Nf3 Nge7 8. O-O
O-O 9. h3 Rb8 10. Ne2 d5 11. c3 d4 12. c4 b5 13. b3 bxc4 14. bxc4 Bd7 15. Ba3
Qa5 16. Bc1 Rb6 17. Bd2 Qa3 18. Nc1 Na5 19. Bxa5 Qxa5 20. Nb3 Qa3 21. Qc1 Qxc1
22. Rfxc1 Rc8 23. Nfd2 e5 24. Kh2 f6 25. fxe5 fxe5 26. Rf1 Ba4 27. h4 Bh6 28.
Rf2 Bxb3 29. Nxb3 a5 30. Bh3 Rc7 31. Raf1 a4 32. Nd2 Rb2 33. Be6+ Kh8 34. Nf3
Rxf2+ 35. Rxf2 Nc6 36. Bd5 Bg7 37. a3 Bf6 38. Rb2 Ne7 39. Rb6 Kg7 40. g4 Nxd5
41. exd5 Rd7 42. g5 Bd8 43. Re6 Re7 44. Ra6 e4 45. dxe4 Rxe4 46. Rxa4 Bc7+ 47.
Kg2 d3 48. Ra7 Re7 49. a4 Kf8 50. Ra6 Re2+ 51. Kf1 Bg3 52. Rf6+ Kg7 0-1

[Event "Jesien '96"]
[Site "?"]
[Date "1996.11.19"]
[Round "?"]
[White "Hryczuk, Andrzej"]
[Black " ochowski, Piotr"]
[Result "1-0"]
[WhiteElo "1800"]
[BlackElo "1800"]
[PlyCount "91"]

1. e4 e5 2. Nf3 Nc6 3. Bc4 Nf6 4. d3 Bc5 5. O-O O-O 6. Be3 Bb6 7. c3 d6 8. b4
Bg4 9. h3 Bh5 10. a4 a6 11. Nbd2 Qd7 12. Qc2 Ne8 13. Bb3 Kh8 14. g4 Bg6 15.
Bxb6 cxb6 16. Nc4 Qd8 17. Ne3 h5 18. Kg2 Ne7 19. Rg1 Nf6 20. Kf1 Qd7 21. Ke2
Rac8 22. Qd2 Neg8 23. Nf5 Nh7 24. N3h4 Qd8 25. f3 Ngf6 26. Ke1 Rc7 27. Rc1 Ng8
28. Qg2 Qg5 29. Ke2 Rd7 30. gxh5 Qxh5 31. Nxg6+ fxg6 32. Qxg6 Ngf6 33. Qxh5
Nxh5 34. Nh4 Nf4+ 35. Ke3 Rf6 36. Rg3 Nf8 37. Rcg1 Kh7 38. Ng2 N8g6 39. h4
Nxg2+ 40. R1xg2 Nxh4 41. Rh2 Rh6 42. Rgh3 Ng6 43. Rxh6+ gxh6 44. Be6 Rd8 45.
Bf5 Rg8 46. Rg2 1-0

[Event "Jesien '96"]
[Site "?"]
[Date "1996.11.20"]
[Round "?"]
[White "Hryczuk, Andrzej"]
[Black "Poniatowski, Pawe "]
[Result "0-1"]
[WhiteElo "1800"]
[BlackElo "100"]
[PlyCount "104"]

1. e4 e5 2. Nf3 Nc6 3. Bc4 Bc5 4. d3 d6 5. Be3 Bb6 6. Nc3 Nf6 7. h3 h6 8. O-O
O-O 9. Re1 Na5 10. Bb3 Nxb3 11. axb3 Be6 12. Ne2 Bxe3 13. fxe3 Qd7 14. Ng3 Bxh3
15. gxh3 Qxh3 16. Nf1 Ng4 17. Qe2 f5 18. Qg2 Qxg2+ 19. Kxg2 fxe4 20. dxe4 Rf6
21. N1h2 Rg6 22. Nxg4 Rxg4+ 23. Kf2 Rxe4 24. Ke2 a6 25. Nd2 Rh4 26. Rh1 Rxh1
27. Rxh1 Rf8 28. Nc4 Kh7 29. Na5 b6 30. Nc6 g5 31. Ne7 Rf7 32. Nd5 Kg6 33. e4
g4 34. Rf1 Rg7 35. Kf2 Rf7+ 36. Kg2 Rxf1 37. Kxf1 Kg5 38. Nxc7 Kf4 39. Nxa6
Kxe4 40. Nc7 h5 41. Na8 h4 42. Kg2 b5 43. Nc7 Kf4 44. Nxb5 g3 45. Nxd6 e4 46.
Nxe4 Kxe4 47. b4 Kf4 48. b5 h3+ 49. Kxh3 Kf3 50. b6 g2 51. b7 g1=Q 52. b8=Q
Qg4+ 0-1

[Event "Jesien '96"]
[Site "?"]
[Date "1996.11.18"]
[Round "?"]
[White "Szymanski, Marcin"]
[Black "Hryczuk, Andrzej"]
[Result "1-0"]
[WhiteElo "2107"]
[BlackElo "1800"]
[PlyCount "93"]

1. d4 Nf6 2. c4 g6 3. Nc3 Bg7 4. e4 d6 5. Nf3 O-O 6. Be2 Nbd7 7. O-O e5 8. Re1
b6 9. d5 h6 10. Nd2 Nh7 11. Rb1 f5 12. f3 f4 13. b4 h5 14. Nb3 h4 15. h3 Qg5
16. Kh1 Ndf6 17. Bf1 Nh5 18. Ne2 Ng3+ 19. Nxg3 hxg3 20. c5 Qh4 21. Ba3 Ng5 22.
Qe2 Kf7 23. cxd6 Rh8 24. Kg1 Bxh3 25. gxh3 Nxh3+ 26. Bxh3 Qxh3 27. Qg2 Qxg2+
28. Kxg2 Rh2+ 29. Kf1 Rah8 30. dxc7 g2+ 31. Kg1 Rh1+ 32. Kf2 R1h2 33. Rg1 Ke7
34. Rbc1 Kd7 35. Rxg2 Rxg2+ 36. Kxg2 Rc8 37. b5 Rxc7 38. Rxc7+ Kxc7 39. Nd2 Bf6
40. Nc4 g5 41. Bd6+ Kd7 42. Kh3 Be7 43. Bxe7 Kxe7 44. Nxe5 Kd6 45. Nc4+ Ke7 46.
e5 Kd7 47. Kg4 1-0

[Event "Jesien '96"]
[Site "?"]
[Date "1996.11.18"]
[Round "?"]
[White "Hryczuk, Andrzej"]
[Black "Neiksans, Arturs"]
[Result "0-1"]
[WhiteElo "1800"]
[BlackElo "2120"]
[PlyCount "91"]

1. e4 e5 2. Nf3 Nf6 3. Nc3 Nc6 4. Bc4 Bb4 5. d3 d5 6. exd5 Nxd5 7. Bd2 Bxc3 8.
bxc3 O-O 9. O-O Bg4 10. h3 Bh5 11. Rb1 Nb6 12. Bb3 Qd6 13. Re1 Rad8 14. g4 Bg6
15. Nh4 Kh8 16. Qe2 f5 17. Kh1 fxg4 18. Qxg4 Rxf2 19. Be3 Rff8 20. Nxg6+ Qxg6
21. Qxg6 hxg6 22. Rg1 Rf3 23. Rg4 Rxh3+ 24. Kg2 Rh5 25. Bf7 Ne7 26. Bg5 Rf8 27.
Rf1 Nbc8 28. Be6 Nf5 29. Re1 Ncd6 30. Rxe5 Nf7 31. Bxf7 Rxf7 32. Re6 Kh7 33.
Re8 Nd6 34. Re5 Rf5 35. Rxf5 gxf5 36. Rg3 Ne8 37. Bf4 Kg8 38. Re3 Kf7 39. Re5
g6 40. Rc5 c6 41. Be3 Rh7 42. Rc4 a6 43. Rd4 Ke6 44. Kg3 Nf6 45. c4 Rd7 46. Rh4
{time finish near} 0-1

[Event "Jesien '96"]
[Site "?"]
[Date "1996.11.22"]
[Round "?"]
[White "Mokrak, Ilie"]
[Black "Hryczuk, Andrzej"]
[Result "0-1"]
[WhiteElo "2000"]
[BlackElo "1800"]
[PlyCount "78"]

1. e4 e6 2. d4 d5 3. exd5 exd5 4. Nc3 Nf6 5. Nf3 Bd6 6. Bg5 c6 7. Bd3 O-O 8.
O-O Be6 9. Ne5 h6 10. Bh4 Nbd7 11. f4 Nb6 12. f5 Bc8 13. Ng4 Be7 14. Re1 Nbd7
15. Qe2 Bd6 16. Qf3 Qc7 17. Bxf6 Nxf6 18. Nxf6+ gxf6 19. Qh5 Kh7 20. Qh4 Kg7
21. Re3 Bf4 22. Rh3 Bd7 23. Ne2 Bg5 24. Rg3 Rae8 25. Qg4 Kh7 26. h4 Be3+ 27.
Kh1 Rg8 28. Qf3 Rxg3 29. Qxg3 Qxg3 30. Nxg3 Bxd4 31. c3 Bf2 32. Nh5 Bxh4 33. g3
Bg5 34. c4 Re3 35. Bf1 Bxf5 36. cxd5 Be4+ 37. Kg1 Bxd5 38. Rd1 Bf3 39. Rd7 Bxh5
0-1

[Event "Jesien '96"]
[Site "?"]
[Date "1996.11.20"]
[Round "?"]
[White "Hryczuk, Andrzej"]
[Black "Miota, Aleksandre"]
[Result "0-1"]
[WhiteElo "1800"]
[BlackElo "2165"]
[PlyCount "100"]

1. e4 g6 2. d4 Bg7 3. Nf3 d6 4. Nc3 Nf6 5. Be2 O-O 6. O-O c6 7. Be3 Nbd7 8. Qd2
Ng4 9. Bf4 e5 10. Bg3 Nh6 11. Rad1 f6 12. dxe5 dxe5 13. Bc4+ Nf7 14. Be6 Qc7
15. Bxd7 Rd8 16. Qe2 Bxd7 17. Nd2 Be6 18. f3 Rd7 19. Bf2 b6 20. Nc4 Rad8 21.
Ne3 Rxd1 22. Rxd1 Rxd1+ 23. Qxd1 Qd6 24. Kf1 Kf8 25. Ke2 Qxd1+ 26. Ncxd1 Nd6
27. b3 f5 28. Kd3 fxe4+ 29. fxe4 Nb7 30. Nf1 Kf7 31. Nd2 Ke7 32. c4 Kd6 33. b4
c5 34. b5 Na5 35. h3 Bh6 36. Be3 Bf4 37. Bxf4 exf4 38. Nc3 f3 39. gxf3 Bxh3 40.
f4 Be6 41. Nd5 Bxd5 42. exd5 Ke7 43. Nf3 Nb7 44. Ne5 Nd6 45. Ke3 Kf6 46. a4 Kf5
47. Kf3 g5 48. Nc6 gxf4 49. Nxa7 Nxc4 50. Nc8 Ke5 0-1

[Event "Jesien '96"]
[Site "?"]
[Date "1996.11.21"]
[Round "?"]
[White "Pokojski, Patryk"]
[Black "Hryczuk, Andrzej"]
[Result "1/2-1/2"]
[WhiteElo "1800"]
[BlackElo "1800"]
[PlyCount "92"]

1. c4 Nf6 2. Nc3 g6 3. g3 Bg7 4. Bg2 O-O 5. e4 d6 6. d4 e5 7. d5 Nbd7 8. Nge2
b6 9. O-O h6 10. h3 Nh7 11. f4 Bb7 12. Be3 a6 13. Qd2 Nhf6 14. b3 Kh7 15. f5
Qe7 16. g4 g5 17. Qe1 Ne8 18. Kh2 f6 19. Rh1 Rh8 20. Kg1 Kg8 21. h4 Nc5 22. Rd1
a5 23. Ng3 Bf8 24. hxg5 hxg5 25. Rxh8+ Kxh8 26. Nh5 Ng7 27. Nxg7 Qxg7 28. Qg3
Be7 29. Kf2 Kg8 30. Bxc5 dxc5 31. Rh1 Kf7 32. Qh3 Rg8 33. Ke2 Bd6 34. Kd2 Ba6
35. Bf3 Kf8 36. Qh5 Bc8 37. Qh6 Qxh6 38. Rxh6 Kg7 39. Rg6+ Kf7 40. Rxg8 Kxg8
41. Nb5 Bd7 42. Nxd6 cxd6 43. Kc3 Kf7 44. a3 Ke7 45. b4 Kd8 46. bxc5 bxc5
1/2-1/2

[Event "Jesien '96"]
[Site "?"]
[Date "1996.11.20"]
[Round "?"]
[White "Adamski, Micha "]
[Black "Hryczuk, Andrzej"]
[Result "0-1"]
[WhiteElo "1800"]
[BlackElo "1800"]
[PlyCount "39"]

1. e4 e6 2. d4 d5 3. Nc3 dxe4 4. Nxe4 Nf6 5. Nxf6+ gxf6 6. Nf3 b6 7. Bf4 Bb7 8.
Be2 Bd6 9. Bg3 Nd7 10. Qd2 Qe7 11. O-O-O O-O-O 12. Rhe1 Nf8 13. Bc4 Ng6 14. d5
Bxg3 15. hxg3 Bxd5 16. Bxd5 Rxd5 17. Nd4 Qc5 18. Qe3 Rhd8 19. Qf3 c6 20. Nb3 {
time} 0-1

[Event "Symultana"]
[Site "Swierardow Zdroj"]
[Date "1994.08.18"]
[Round "?"]
[White "KuYmierz, Romuald"]
[Black "Hryczuk, Andrzej"]
[Result "0-1"]
[WhiteElo "2275"]
[BlackElo "1800"]
[PlyCount "38"]

1. e4 e5 2. Nf3 Nc6 3. d4 exd4 4. Nxd4 Qh4 5. Nc3 Bb4 6. Ndb5 Qxe4+ 7. Be3
Bxc3+ 8. bxc3 Kd8 9. Qh5 Qg6 10. Qh4+ Nf6 11. Bc4 h6 12. O-O a6 13. Nxc7 Kxc7
14. Qf4+ Kd8 15. Bb6+ Ke8 16. Rfe1+ Kf8 17. Bc5+ Kg8 18. Qxf6 gxf6 19. Re8+ Kg7
0-1

[Event "Symultana"]
[Site "?"]
[Date "1994.05.07"]
[Round "?"]
[White "Hryczuk, Andrzej"]
[Black "Pyka, Zbigniew"]
[Result "0-1"]
[WhiteElo "1600"]
[BlackElo "2237"]
[PlyCount "49"]

1. e4 Nf6 2. e5 Nd5 3. c4 Nb6 4. d4 d6 5. Nf3 Bg4 6. Nbd2 Nc6 7. Be2 dxe5 8. d5
Nb4 9. a3 Na6 10. Nxe5 Bf5 11. Bd3 Bxd3 12. Nxd3 g6 13. b4 Bg7 14. Bb2 O-O 15.
Bxg7 Kxg7 16. O-O c6 17. Nc5 cxd5 18. Nxb7 Qc7 19. Na5 dxc4 20. Ndxc4 Nxc4 21.
Qd4+ Ne5 22. f4 Qb6 23. Qxb6 axb6 24. fxe5 bxa5 25. bxa5 0-1

[Event "Po fina y Mistrzostw Polski '95"]
[Site "Augustow"]
[Date "1995.11.??"]
[Round "?"]
[White "Hryczuk, Andrzej"]
[Black "Polak, Micha "]
[Result "0-1"]
[WhiteElo "1800"]
[BlackElo "1800"]
[PlyCount "74"]

1. e4 e6 2. d4 d5 3. Nc3 Nf6 4. Bg5 Be7 5. e5 Nfd7 6. Be3 c5 7. f4 Nc6 8. Nf3
Qb6 9. Rb1 cxd4 10. Bxd4 Nxd4 11. Nxd4 Bc5 12. Nce2 f6 13. exf6 gxf6 14. b4
Bxd4 15. Qxd4 Qxd4 16. Nxd4 Kf7 17. c4 e5 18. fxe5 fxe5 19. Nb5 d4 20. Bd3 Nf6
21. Rf1 Ke7 22. Bf5 Bxf5 23. Rxf5 Ke6 24. Rg5 Rhg8 25. Rxg8 Rxg8 26. Rb2 a6 27.
Na3 Ng4 28. g3 d3 29. Kd2 Rf8 30. Kc3 e4 31. Kd4 Rd8+ 32. Kc3 e3 33. Nb1 Nf2
34. Rxf2 exf2 35. Nd2 Kf5 36. h3 Re8 37. Kxd3 Rd8+ 0-1

[Event "Po fina y Mistrzostw Polski '95"]
[Site "Augustow"]
[Date "1995.11.05"]
[Round "?"]
[White "Nieweglowski, Marcin"]
[Black "Hryczuk, Andrzej"]
[Result "0-1"]
[WhiteElo "1600"]
[BlackElo "1800"]
[PlyCount "68"]

1. e4 e6 2. Nf3 d5 3. e5 c5 4. d4 Nc6 5. c3 Nge7 6. Be3 Qb6 7. Qb3 Qxb3 8. axb3
Nf5 9. Bd3 Nxe3 10. fxe3 Be7 11. Nbd2 O-O 12. O-O Bd7 13. Ra3 c4 14. bxc4 Bxa3
15. bxa3 dxc4 16. Nxc4 Ne7 17. Nd6 Bc6 18. Ng5 h6 19. Nh7 Rfd8 20. Nxf7 Rd7 21.
Nd6 Nd5 22. Rf3 Nxc3 23. Rf4 Nd5 24. Rf3 Nc3 25. Rf2 Rxd6 26. exd6 Be4 27. Bc4
Nd5 28. Bb5 Kxh7 29. Bc4 Rd8 30. Rf7 Rxd6 31. Rxb7 Nxe3 32. Rb4 a5 33. Ra4 Bc2
34. Rxa5 Nxc4 0-1

[Event "Po fina y Mistrzostw Polski '95"]
[Site "Augustow"]
[Date "1995.11.??"]
[Round "?"]
[White "Cubyk, Piotr"]
[Black "Hryczuk, Andrzej"]
[Result "0-1"]
[WhiteElo "2000"]
[BlackElo "1800"]
[PlyCount "90"]

1. e4 e6 2. d4 d5 3. exd5 exd5 4. Nf3 Nf6 5. Bd3 Bd6 6. O-O O-O 7. Re1 Re8 8.
Bg5 Be6 9. c3 Nbd7 10. Qc2 h6 11. Bh4 c6 12. Nbd2 Qc7 13. Nf1 Bg4 14. N3d2 b6
15. h3 Be6 16. Bg3 Re7 17. Nf3 Rae8 18. Bxd6 Qxd6 19. Ng3 c5 20. Qa4 c4 21. Bc2
Nf8 22. Ne5 Bd7 23. Qa6 Bc8 24. Qa3 Qxa3 25. bxa3 N8d7 26. Nf5 Re6 27. Ba4 a6
28. Bc6 g6 29. Nxh6+ Kg7 30. Nhxf7 Rxc6 31. Nxc6 Kxf7 32. Rxe8 Nxe8 33. Re1
Ndf6 34. f3 Nd6 35. a4 Nh5 36. Ne5+ Kf6 37. Kf2 Nf4 38. h4 g5 39. hxg5+ Kxg5
40. g3 Nd3+ 41. Nxd3 cxd3 42. Re5+ Kf6 43. Rxd5 Nc4 44. g4 d2 45. Ke2 d1=Q+ 0-1

[Event "Po fina y Mistrzostw Polski '95"]
[Site "Augustow"]
[Date "1995.11.07"]
[Round "?"]
[White "Hryczuk, Andrzej"]
[Black "Ja owicki, Tomasz"]
[Result "1/2-1/2"]
[WhiteElo "1800"]
[BlackElo "1600"]
[PlyCount "42"]

1. e4 e5 2. Nf3 Nc6 3. Bc4 Nf6 4. d4 exd4 5. O-O d6 6. Nxd4 Ne5 7. Bb3 Be7 8.
Nc3 O-O 9. f4 Ned7 10. g4 Nc5 11. g5 Nfxe4 12. Nxe4 Nxe4 13. h4 g6 14. h5 gxh5
15. Qxh5 Ng3 16. Qh6 Nxf1 17. g6 hxg6 18. Qxg6+ Kh8 19. Qh6+ Kg8 20. Qg6+ Kh8
21. Qh6+ Kg8 1/2-1/2